Eastern Utah Libraries Catalog: Duchesne, Heber, Roosevelt, & Vernal

Conan the barbarian (Record no. 81277)

MARC details
000 -LEADER
fixed length control field 03201cgm a2200637Ia 4500
001 - CONTROL NUMBER
control field ocn757753296
003 - CONTROL NUMBER IDENTIFIER
control field OCoLC
005 - DATE AND TIME OF LATEST TRANSACTION
control field 20241220131658.0
008 - FIXED-LENGTH DATA ELEMENTS--GENERAL INFORMATION
fixed length control field 111019s2011 cau112 e vleng d
007 - PHYSICAL DESCRIPTION FIXED FIELD--GENERAL INFORMATION
fixed length control field vd cvaizq
040 ## - CATALOGING SOURCE
Original cataloging agency TEFMT
Transcribing agency TEFMT
Modifying agency TEF
-- MR0
-- BKX
-- GK8
-- UINTA
024 10 - OTHER STANDARD IDENTIFIER
Standard number or code 031398145561
Additional codes following the standard number or code 80
028 42 - PUBLISHER NUMBER
Publisher number 31517
Source Lions Gate Home Entertainment
035 ## - SYSTEM CONTROL NUMBER
System control number (OCoLC)757753296
041 1# - LANGUAGE CODE
Language code of text/sound track or separate title eng
-- eng
-- spa
Language code of original and/or intermediate translations of text eng
050 #4 - LIBRARY OF CONGRESS CALL NUMBER
Classification number PN1997.2
Item number .C66 2011
082 04 - DEWEY DECIMAL CLASSIFICATION NUMBER
Classification number 791.43/72
Edition number 23
049 ## - LOCAL HOLDINGS (OCLC)
Holding library UCLB
092 ## - LOCALLY ASSIGNED DEWEY CALL NUMBER (OCLC)
Classification number 791.437
245 00 - TITLE STATEMENT
Title Conan the barbarian
Medium [videorecording] /
Statement of responsibility, etc Lionsgate and Millennium Films present ; in association with Emmett Furla Films productions and a Conan Properties International LLC production ; produced by Fredrik Malmberg ... [et al.] ; written by Thomas Dean Donnelly & Joshua Oppenheimer and Sean Hood ; directed by Marcus Nispel.
257 ## - COUNTRY OF PRODUCING ENTITY FOR ARCHIVAL FILMS
Country of producing entity United States.
-- naf
260 ## - PUBLICATION, DISTRIBUTION, ETC. (IMPRINT)
Place of publication, distribution, etc Santa Monica, CA :
Name of publisher, distributor, etc Lions Gate Films,
Date of publication, distribution, etc c2011.
300 ## - PHYSICAL DESCRIPTION
Extent 1 videodisc (112 min.) :
Other physical details sd., col. ;
Dimensions 4 3/4 in.
538 ## - SYSTEM DETAILS NOTE
System details note DVD ; widescreen (2.40:1) presentation ; Dolby digital 5.1 surround.
546 ## - LANGUAGE NOTE
Language note In English, with optional subtitles in English or Spanish. Closed-captioned.
511 1# - PARTICIPANT OR PERFORMER NOTE
Participant or performer note Jason Momoa, Rachel Nichols, Ron Perlman, Stephen Lang, Rose McGowan.
508 ## - CREATION/PRODUCTION CREDITS NOTE
Creation/production credits note Director of photography, Thomas Kloss ; editor, Ken Blackwell ; music, Tyler Bates.
500 ## - GENERAL NOTE
General note Based on the character of Conan as originally created by Robert E. Howard.
500 ## - GENERAL NOTE
General note DVD release of the 2011 motion picture.
521 8# - TARGET AUDIENCE NOTE
Target audience note MPAA rating: R; for strong bloody violence, some sexuality and nudity.
520 ## - SUMMARY, ETC.
Summary, etc A quest that begins as a personal vendetta for the fierce Cimmerian warrior soon turns into an epic battle against hulking rivals, horrific monsters, and impossible odds, as Conan realizes he is the only hope of saving the great nations of Hyboria from an encroaching reign of supernatural evil.
500 ## - GENERAL NOTE
General note Special features: audio commentaries; the Conan legacy; Robert E. Howard: the man who would be Conan; battle royal: engineering the action; staging the fights.
650 #0 - SUBJECT ADDED ENTRY--TOPICAL TERM
Topical term or geographic name as entry element Conan (Fictitious character)
Form subdivision Drama.
9 (RLIN) 6422999
650 #7 - SUBJECT ADDED ENTRY--TOPICAL TERM
Topical term or geographic name as entry element Conan (Personaje literario)
Form subdivision Teatro.
Source of heading or term bidex
9 (RLIN) 6514486
655 #7 - INDEX TERM--GENRE/FORM
Genre/form data or focus term Feature films.
Source of term lcgft
9 (RLIN) 6229519
655 #7 - INDEX TERM--GENRE/FORM
Genre/form data or focus term Fantasy films.
Source of term lcgft
9 (RLIN) 6229520
655 #7 - INDEX TERM--GENRE/FORM
Genre/form data or focus term Action and adventure films.
Source of term lcgft
9 (RLIN) 6229521
655 #7 - INDEX TERM--GENRE/FORM
Genre/form data or focus term Fiction films.
Source of term lcgft
9 (RLIN) 6229522
655 #7 - INDEX TERM--GENRE/FORM
Genre/form data or focus term Video recordings for the hearing impaired.
Source of term lcgft
9 (RLIN) 6229523
700 1# - ADDED ENTRY--PERSONAL NAME
Personal name Nispel, Marcus,
Dates associated with a name 1964-
9 (RLIN) 77759
700 1# - ADDED ENTRY--PERSONAL NAME
Personal name Momoa, Jason.
9 (RLIN) 73729
700 1# - ADDED ENTRY--PERSONAL NAME
Personal name Nichols, Rachel.
9 (RLIN) 48096
700 1# - ADDED ENTRY--PERSONAL NAME
Personal name Perlman, Ron.
9 (RLIN) 59801
700 1# - ADDED ENTRY--PERSONAL NAME
Personal name Lang, Stephen,
Dates associated with a name 1952-
9 (RLIN) 64572
700 1# - ADDED ENTRY--PERSONAL NAME
Personal name McGowan, Rose,
Dates associated with a name 1973-
9 (RLIN) 64012
700 1# - ADDED ENTRY--PERSONAL NAME
Personal name Malmberg, Fredrik.
Relator code pro
9 (RLIN) 6229524
700 1# - ADDED ENTRY--PERSONAL NAME
Personal name Donnelly, Thomas Dean.
Relator code aus
9 (RLIN) 55896
700 1# - ADDED ENTRY--PERSONAL NAME
Personal name Oppenheimer, Joshua Lincoln,
Dates associated with a name 1974-
Relator code aus
9 (RLIN) 6229525
700 1# - ADDED ENTRY--PERSONAL NAME
Personal name Hood, Sean,
Dates associated with a name 1966-
Relator code aus
9 (RLIN) 6229526
700 1# - ADDED ENTRY--PERSONAL NAME
Personal name Nispel, Marcus,
Dates associated with a name 1964-
Relator code drt
9 (RLIN) 77759
710 2# - ADDED ENTRY--CORPORATE NAME
Corporate name or jurisdiction name as entry element Lions Gate Films.
9 (RLIN) 5718756
710 2# - ADDED ENTRY--CORPORATE NAME
Corporate name or jurisdiction name as entry element Emmett Furla Films.
9 (RLIN) 5884683
942 ## - ADDED ENTRY ELEMENTS (KOHA)
Koha item type DVD
994 ## -
-- C0
-- UINTA
998 ## - LOCAL CONTROL INFORMATION (RLIN)
-- a148311
Holdings
Withdrawn status Lost status Source of classification or shelving scheme Damaged status Not for loan Collection code Home library Current library Shelving location Date acquired Source of acquisition Cost, normal purchase price Total Checkouts Total Renewals Full call number Barcode Checked out Date last seen Date checked out Cost, replacement price Price effective from Koha item type
  Long Overdue (Lost) Dewey Decimal Classification     Movies Wasatch County Library Wasatch County Library Audio Visual Area 11/23/2011 Amazon 15.95 35 6 DVD Con 34301001036641 08/28/2024 08/09/2024 08/09/2024 15.95 03/20/2020 DVD
This project was made possible through a grant from the Institute of Museum and Library Service administered by the Utah State Library Division.

Wasatch County Library

  • 465 East 1200 South, Heber City, Utah 84032
  • Phone 435-654-1511 | Fax 435-654-6456

Hours

  • Monday - Friday 9:30 AM - 8:00 PM
  • Saturday 9:30 AM - 1:30 PM
  • Closed Sundays and Holidays